| 000 | 01211nam2a2200253 4500 | ||
|---|---|---|---|
| 001 | rc\2979302 | ||
| 005 | 20260315062219.0 | ||
| 035 | _a(NLR Aleph) 007124808 | ||
| 090 |
_a13610024 _c13610024 |
||
| 100 | _a20110915d1937 u y0rusy50 ca | ||
| 101 | 0 | _arus | |
| 102 | _aRU | ||
| 105 | _aa z ||||| | ||
| 200 | 1 | _aАвтотрансформатор тока типа АТД | |
| 210 | _d1937 | ||
| 215 |
_a11 с. _cил. |
||
| 300 | _aНа обороте тит. л.: "Сост. Р.В. Вигдергауз" | ||
| 461 | 0 |
_1001rc\2979298 _12001#$aТипы трансформаторов тока$eКаталог$vЧ. 2, Вып. 10 _96899158 _aСССР. Главное управление электротехнической промышленности _c[Москва] _d[1937] _nОтраслевое бюро техн. информации Главэнергопрома НКТП по сильноточной электропромышленности _oКаталог _tТипы трансформаторов тока _vЧ. 2, Вып. 10 |
|
| 702 | 1 |
_aВигдергауз _bР.В. _4220 |
|
| 801 | 0 |
_aRU _bNLR _gpsbo |
|
| 801 | 1 |
_aRU _bELAR _2rusmarc |
|
| 852 |
_aNLR _j32-19/512(13) |
||
| 942 | _cUNSPEC | ||
| 980 | _aNB | ||